[Event "Budapest FS06 FM-B"]
[Site "Budapest"]
[Date "2011.06.08"]
[Round "5"]
[White "Heiszler, Roman"]
[Black "Somogyi, Gabor"]
[Result "0-1"]
[WhiteElo "1862"]
[BlackElo "1960"]
[PlyCount "38"]
[EventDate "2011.06.04"]
[EventType "tourn"]
[EventRounds "11"]
[EventCountry "HUN"]
[SourceTitle "CBM 142 Extra"]
[Source "ChessBase"]
[SourceDate "2011.06.27"]
[SourceVersion "1"]
[SourceVersionDate "2011.06.27"]
[SourceQuality "1"]

1. d4 Nf6 2. c4 c5 3. Nf3 g6 4. Nc3 cxd4 5. Nxd4 Nc6 6. Nd5 Nxd5 7. cxd5 Qa5+ 8. Bd2 Qxd5 9. Bc3 Bg7 10. Nb5 Bxc3+ 11. Nxc3 Qxd1+ 12. Rxd1 d6 13. e4 Bd7 14. f3 0-0 15. h4 h6 16. a3 Rac8 17. Nd5 Kg7 18. b4 Rfe8 19. Bd3 Ne5 0-1

[Event "Budapest FS06 FM-B"]
[Site "Budapest"]
[Date "2011.06.06"]
[Round "3"]
[White "Heiszler, Roman"]
[Black "Mayer, Istvan"]
[Result "0-1"]
[WhiteElo "1862"]
[BlackElo "2033"]
[PlyCount "38"]
[EventDate "2011.06.04"]
[EventType "tourn"]
[EventRounds "11"]
[EventCountry "HUN"]
[SourceTitle "CBM 142 Extra"]
[Source "ChessBase"]
[SourceDate "2011.06.27"]
[SourceVersion "1"]
[SourceVersionDate "2011.06.27"]
[SourceQuality "1"]

1. d4 Nf6 2. c4 e6 3. Nc3 d5 4. Nf3 Nbd7 5. Qc2 dxc4 6. e4 c5 7. dxc5 Bxc5 8. Bxc4 a6 9. 0-0 b5 10. Bb3 Qc7 11. Bg5 Bb7 12. Rfe1 Bd6 13. Bh4 Rc8 14. Qb1 Ne5 15. Bg3 Nfg4 16. a4 h5 17. h3 Nxf3+ 18. gxf3 Bxg3 19. hxg4 hxg4 0-1